Congreso sociedad colombiana de entomología (Registro nro. 586)
[ vista simple ]
| 000 -CABECERA | |
|---|---|
| Campo de control | 01337nam a2200433 a 4500 |
| 005 - FECHA Y HORA DE LA ULTIMA TRANSACCION | |
| Campo de control | 20191224041535.0 |
| 008 - ELEMENTOS DE LONGITUD FIJA—INFORMACION GENERAL | |
| Campo de control | 140221b1986 ck ||||| |||| 00| 0 spa d |
| 041 ## - IDIOMA | |
| Código de idioma para texto/pista de sonido o título separado | Español |
| 044 ## - PAÍS DE PUBLICACIÓN | |
| País de publicación | Colombia |
| 090 ## - CLASIFICACIÓN LOCAL | |
| Colección | LB |
| Consecutivo | 00568 |
| 111 ## - ASIENTO PRINCIPAL--NOMBRE DE REUNION | |
| Nombre de reunión o de jurisdicción como elemento de entrada | Congreso Sociedad de Entomología |
| Lugar de la reunión | Cali |
| Fecha de la reunión | 1986 |
| 245 ## - MENCION DE TITULO | |
| Título | Congreso sociedad colombiana de entomología |
| Parte restante del título | resúmenes |
| 260 ## - PUBLICACION, DISTRIBUCION, ETC. (PIE DE IMPRENTA) | |
| Lugar de publicación, distribución, etc. | Cali |
| Nombre del editor, distribuidor, etc. | SOCOLEN |
| Fecha de publicación, distribución, etc. | 1986 |
| 300 ## - DESCRIPCION FISICA | |
| Extensión | 9 vol. |
| 505 ## - NOTA DE CONTENIDO | |
| Nota de contenido | Vol. 1: XIII Congreso |
| 505 ## - NOTA DE CONTENIDO | |
| Nota de contenido | Vol. 2: X Congreso |
| 505 ## - NOTA DE CONTENIDO | |
| Nota de contenido | Vol. 3: XVI Congreso |
| 505 ## - NOTA DE CONTENIDO | |
| Nota de contenido | Vol. 4: XX Congreso |
| 505 ## - NOTA DE CONTENIDO | |
| Nota de contenido | Vol. 5: XXI Congreso |
| 505 ## - NOTA DE CONTENIDO | |
| Nota de contenido | Vol. 6: XXVI Congreso |
| 505 ## - NOTA DE CONTENIDO | |
| Nota de contenido | Vol. 7: XXVIII Congreso |
| 505 ## - NOTA DE CONTENIDO | |
| Nota de contenido | Vol. 8: XXIX Congreso |
| 505 ## - NOTA DE CONTENIDO | |
| Nota de contenido | Vol. 9: XXX Congreso |
| 650 ## - ASIENTO SECUNDARIO DE MATERIA - TERMINO TEMATICO | |
| Término temático o nombre geográfico como elemento de entrada | Entomología |
| 650 ## - ASIENTO SECUNDARIO DE MATERIA - TERMINO TEMATICO | |
| Término temático o nombre geográfico como elemento de entrada | Investigación científica |
| 650 ## - ASIENTO SECUNDARIO DE MATERIA - TERMINO TEMATICO | |
| Término temático o nombre geográfico como elemento de entrada | Ecología de poblaciones |
| 650 ## - ASIENTO SECUNDARIO DE MATERIA - TERMINO TEMATICO | |
| Término temático o nombre geográfico como elemento de entrada | Ecología de comunidades |
| 650 ## - ASIENTO SECUNDARIO DE MATERIA - TERMINO TEMATICO | |
| Término temático o nombre geográfico como elemento de entrada | Plagas |
| 650 ## - ASIENTO SECUNDARIO DE MATERIA - TERMINO TEMATICO | |
| Término temático o nombre geográfico como elemento de entrada | Adaptación |
| 650 ## - ASIENTO SECUNDARIO DE MATERIA - TERMINO TEMATICO | |
| Término temático o nombre geográfico como elemento de entrada | Interacción biológica |
| 650 ## - ASIENTO SECUNDARIO DE MATERIA - TERMINO TEMATICO | |
| Término temático o nombre geográfico como elemento de entrada | Interacción ecológica |
| 650 ## - ASIENTO SECUNDARIO DE MATERIA - TERMINO TEMATICO | |
| Término temático o nombre geográfico como elemento de entrada | Control biológico |
| 650 ## - ASIENTO SECUNDARIO DE MATERIA - TERMINO TEMATICO | |
| Término temático o nombre geográfico como elemento de entrada | Métodos de campo |
| 650 ## - ASIENTO SECUNDARIO DE MATERIA - TERMINO TEMATICO | |
| Término temático o nombre geográfico como elemento de entrada | Ecofisiología |
| 650 ## - ASIENTO SECUNDARIO DE MATERIA - TERMINO TEMATICO | |
| Término temático o nombre geográfico como elemento de entrada | Colecciones biológicas |
| 650 ## - ASIENTO SECUNDARIO DE MATERIA - TERMINO TEMATICO | |
| Término temático o nombre geográfico como elemento de entrada | Polinización |
| 650 ## - ASIENTO SECUNDARIO DE MATERIA - TERMINO TEMATICO | |
| Término temático o nombre geográfico como elemento de entrada | Monitoreo biológico |
| 942 ## - ELEMENTOS ADICIONALES (KOHA) | |
| Tipo de ítem | Impreso |
| Sistema de clasificación | Local |
| Withdrawn status | Lost status | Sistema de Clasificación | Damaged status | No para préstamo | Colección | Inventariado | Ubicación Permanente | Ubicación actual | Fecha de adquisición | Fuente de Valor | Valor | Total Checkouts | Número topográfico | Inventario / Código de Barras | Date last seen | Ejemplar | Price effective from | Forma de adquisición | Tipo de material |
|---|---|---|---|---|---|---|---|---|---|---|---|---|---|---|---|---|---|---|---|
| Local | Entomología | Inventariado 2017 | Villa de Leyva | Villa de Leyva | 22/01/1998 | Instituto | 15000.00 | LB-00568 | 000821 | 23/10/2017 | V.1 Ej.1 | 04/12/2012 | Libro | ||||||
| Local | Entomología | Inventariado 2017 | Villa de Leyva | Villa de Leyva | 22/01/1998 | Instituto | 15000.00 | LB-00568 | 000822 | 23/10/2017 | V.2 Ej.1 | 04/12/2012 | Libro | ||||||
| Local | Entomología | Inventariado 2017 | Villa de Leyva | Villa de Leyva | 22/01/1998 | Instituto | 15000.00 | LB-00568 | 000823 | 23/10/2017 | V.3 Ej.1 | 04/12/2012 | Libro | ||||||
| Local | Entomología | Inventariado 2017 | Villa de Leyva | Villa de Leyva | 22/01/1998 | Instituto | 15000.00 | LB-00568 | 000824 | 23/10/2017 | V.4 Ej.1 | 04/12/2012 | Libro | ||||||
| Local | Entomología | Inventariado 2017 | Villa de Leyva | Villa de Leyva | 22/01/1998 | Instituto | 15000.00 | LB-00568 | 000825 | 23/10/2017 | V.5 Ej.1 | 04/12/2012 | Libro | ||||||
| Local | Entomología | Inventariado 2017 | Villa de Leyva | Villa de Leyva | 22/01/1998 | Instituto | 15000.00 | LB-00568 | 000826 | 23/10/2017 | V.5 Ej.2 | 04/12/2012 | Libro | ||||||
| Local | Entomología | Inventariado 2017 | Villa de Leyva | Villa de Leyva | 22/01/1998 | Instituto | 15000.00 | LB-00568 | 000827 | 23/10/2017 | V.5 Ej.3 | 04/12/2012 | Libro | ||||||
| Local | Entomología | Inventariado 2017 | Villa de Leyva | Villa de Leyva | 22/01/1998 | Instituto | 15000.00 | LB-00568 | 000828 | 23/10/2017 | V.6 Ej.1 | 04/12/2012 | Libro | ||||||
| Local | Entomología | Inventariado 2017 | Villa de Leyva | Villa de Leyva | 22/01/1998 | Instituto | 15000.00 | LB-00568 | 000829 | 23/10/2017 | V.6 Ej.2 | 04/12/2012 | Libro | ||||||
| Local | Entomología | Inventariado 2017 | Villa de Leyva | Villa de Leyva | 22/01/1998 | Instituto | 15000.00 | LB-00568 | 000830 | 23/10/2017 | V.7 Ej.1 | 04/12/2012 | Libro | ||||||
| Local | Entomología | Inventariado 2017 | Villa de Leyva | Villa de Leyva | 22/01/1998 | Instituto | 15000.00 | LB-00568 | 000831 | 23/10/2017 | V.7 Ej.2 | 04/12/2012 | Libro | ||||||
| Local | Entomología | Inventariado 2017 | Villa de Leyva | Villa de Leyva | 06/02/2004 | Instituto | 15000.00 | LB-00568 | 015219 | 23/10/2017 | V.8 Ej.1 | 04/12/2012 | Libro | ||||||
| Local | Entomología | Inventariado 2017 | Villa de Leyva | Villa de Leyva | 06/02/2004 | Instituto | 15000.00 | LB-00568 | 015220 | 23/10/2017 | V.8 Ej.2 | 04/12/2012 | Libro | ||||||
| Local | Entomología | Inventariado 2017 | Villa de Leyva | Villa de Leyva | 05/03/2004 | Instituto | 15000.00 | LB-00568 | 015715 | 23/10/2017 | V.9 Ej.1 | 04/12/2012 | Libro |